Music Quiz

Random Music or Artist Quiz

Top 40 Hits of 1972 Quiz Stats

Quiz not verified by Sporcle

Challenge
Share
Tweet
Embed
Score 0/155 Timer 20:00
0 Plays Today
Song(s) (Peak(s)) Artist(s) % Correct
Crocodile Rock (#1), Honky Cat (#8), Rocket Man (#6)Elton John
92.5%
Ben (#1), I Wanna Be Where You Are (#16), Rockin' Robin (#2)Michael Jackson
92.1%
Elected (#26), School's Out (#7)Alice Cooper
88.7%
Horse with No Name (#1), I Need You (#9), Ventura Highway (#8)America
87.6%
Heart of Gold (#1), Old Man (#31)Neil Young
84.6%
Superstition (#1), Superwoman (Where Were You When I Needed You) (#33)Stevie Wonder
84.5%
Dialogue (#24), Saturday in the Park (#3)Chicago
84.1%
You're So Vain (#1)Carly Simon
83.5%
Peaceful Easy Feeling (#22), Take It Easy (#12), Witchy Woman (#9)The Eagles
83.2%
Isn't Life Strange (#29), Nights in White Satin (#2)The Moody Blues
83%
Layla (#10)Derek & the Dominos
82.6%
Rocky Mountain High (#9)John Denver
82.4%
Me and Julio Down by the Schoolyard (#22), Mother and Child Reunion (#4)Paul Simon
81.5%
Bang a Gong (Get It On) (#10)T.Rex
79.9%
Lean on Me (#1), Use Me (#2)Bill Withers
79.2%
Operator (That's Not the Way It Feels) (#17), You Don't Mess Around with Jim (#8)Jim Croce
78.6%
Jesus Is Just Alright (#35), Listen to the Music (#11)The Doobie Brothers
77.3%
I Am Woman (#1)Helen Reddy
77%
My Ding-a-Ling (#1), Reelin' and Rockin' (#27)Chuck Berry
76.8%
Angel (#40), You Wear It Well (#13)Rod Stewart
76.1%
The Candy Man (#1)Sammy Davis, Jr. & the Mike Curb Congregation
75.3%
Alone Again (Naturally) (#1), Clair (#2)Gilbert O'Sullivan
75%
Doctor My Eyes (#8)Jackson Browne
74.2%
All the Young Dudes (#37)Mott the Hoople
73.9%
Play Me (#11), Song Sung Blue (#1), Walk on Water (#17)Neil Diamond
72.6%
Burning Love (#2), Separate Ways (#20), Until It's Time for You to Go (#40)Elvis Presley
72.6%
Roundabout (#13)Yes
72%
The First Time Ever I Saw Your Face (#1), Where Is the Love (#5)Roberta Flack
71.8%
Brandy (You're a Fine Girl) (#1)Looking Glass
71.8%
Papa Was a Rollin' Stone (#1), Take a Look Around (#30)The Temptations
71.7%
Puppy Love (#3), Too Young (#13), Why (#13)Donny Osmond
70.6%
Long Cool Woman (In a Black Dress) (#2), Long Dark Road (#26)The Hollies
70.4%
Happy (#22), Tumbling Dice (#7)The Rolling Stones
70.2%
Morning Has Broken (#6), Sitting (#16)Cat Stevens
70.2%
Summer Breeze (#6)Jim Seals & Dash Crofts
68.9%
Garden Party (#6)Ricky Nelson
68.4%
Dreidel (#21), Vincent (#12)Don McLean
67.3%
Freddie's Dead (Theme from Superfly) (#4), Superfly (#8)Curtis Mayfield
66.9%
Backstabbers (#3)The O'Jays
66.2%
I Can See Clearly Now (#1)Johnny Nash
65.8%
Cover of the Rolling Stone (#6), Sylvia's Mother (#5)Dr. Hook & the Medicine Show
64.9%
Hold Your Head Up (#5)Argent
61.8%
City of New Orleans (#18)Arlo Guthrie
60.7%
Diary (#15), Everything I Own (#5), Sweet Surrender (#15), The Guitar Man (#11)Bread
60.5%
Your Mama Don't Dance (#4)Kenny Loggins & Jim Messina
60.5%
Do It Again (#6)Steely Dan
60.5%
Could It Be I'm Falling in Love (#4), I'll Be Around (#3)The Spinners
60.1%
Black and White (#1), Pieces of April (#19), The Family of Man (#12)Three Dog Night
59.8%
Give Ireland Back to the Irish (#21), Hi, Hi, Hi (#10), Mary Had a Little Lamb (#28)Paul McCartney & Wings
57.2%
Baby Don't Get Hooked on Me (#1)Mac Davis
57%
Goodbye to Love (#7), Hurting Each Other (#2), It's Going to Take Some Time (#12)The Carpenters
54.3%
Taxi (#24)Harry Chapin
53.9%
Song(s) (Peak(s)) Artist(s) % Correct
Betcha By Golly Wow (#3), I'm Stone in Love with You (#10), People Make the World Go Round (#25)The Stylistics
53.9%
Me and Mrs. Jones (#1)Billy Paul
53.6%
Back Off Boogaloo (#9)Ringo Starr
53.6%
Oh Girl (#1)The Chi-Lites
53.4%
Go All the Way (#5), I Wanna Be with You (#16)The Raspberries
52.1%
I'll Take You There (#1), This World (#38)The Staple Singers
50.6%
Funny Face (#5), The Happiest Girl in the Whole U.S.A. (#11)Donna Fargo
50.5%
Daddy Don't You Walk So Fast (#4)Wayne Newton
48.4%
Coconut (#8), Jump Into the Fire (#27), Spaceman (#23)Harry Nilsson
48.1%
Precious and Few (#3)Climax
47%
Crazy Horses (#14), Down by the Lazy River (#4), Hold Her Tight (#14)The Osmonds
46.8%
Feelin' Alright (#33), Midnight Rider (#27)Joe Cocker
45.7%
If I Could Reach You (#10), (Last Night) I Didn't Get to Sleep at All (#8), Together Let's Find Love (#37)The 5th Dimension
45.3%
Outa-Space (#2)Billy Preston
45.2%
Popcorn (#9)Hot Butter
44.8%
If You Don't Know Me by Now (#3)Harold Melvin & the Blue Notes
43.9%
Living in the Past (#11)Jethro Tull
43.1%
It Never Rains in Southern California (#5)Albert Hammond
43%
Rockin' Pneumonia and the Boogie Woogie Flu (#6)Johnny Rivers
42.6%
Conquistador (#16)Procol Harum
41.9%
A Cowboy's Work Is Never Done (#8), When You Say Love (#32)Sonny & Cher
41.1%
Everybody Plays the Fool (#3)The Main Ingredient
40.8%
I Saw the Light (#16)Todd Rundgren
40.6%
Dancing in the Moonlight (#13)King Harvest
40.4%
Hot Rod Lincoln (#9)Commander Cody
39.9%
Join Together (#17), The Relay (#39)The Who
39.7%
The Lion Sleeps Tonight (#3)Robert John
38.9%
Slippin' Into Darkness (#16), The World Is a Ghetto (#7)War
38.2%
Big City Miss Ruth Ann (#23), I Believe in Music (#22), Nice to Be with You (#4)Gallery
36.9%
Stay with Me (#17)The Faces
35.6%
Day by Day (#13)Godspell
35.3%
Don't Expect Me to Be Your Friend (#8), I'd Love You to Want Me (#2)Lobo
34.9%
Get on the Good Foot (#18), King Heroin (#40), Talking Loud and Saying Nothing (#27)James Brown
34.7%
Don't Ever Be Lonely (#23), I'm Never Gonna Be Alone Anymore (#37), Too Late to Turn Back Now (#2)The Cornelius Brothers & Sister Rose
34%
Baby Blue (#14)Badfinger
33.8%
Oh, Babe, What Would You Say (#3)Hurricane Smith
33.3%
Been to Canaan (#24), Sweet Seasons (#9)Carole King
32.7%
I Gotcha (#2)Joe Tex
32.2%
Last Song (#3)Edward Bear
31.1%
Where Is the Love (#5)Donny Hathaway
30.2%
Beautiful Sunday (#15)Daniel Boone
27.2%
I'm Still in Love with You (#3), Look What You Done for Me (#4), You Ought to Be with Me (#3)Al Green
27.2%
You Turn Me On, I'm a Radio (#25)Joni Mitchell
27.2%
How Do You Do (#8)Mouth & MacNeal
27.1%
Daddy's Home (#9)Jermaine Jackson
26.9%
Alive (#34), My World (#16), Run to Me (#16)The Bee Gees
26%
Don't Let Me Be Lonely Tonight (#14)James Taylor
25.8%
Joy (#6)Apollo 100
25.4%
Immigration Man (#36)David Crosby & Graham Nash
24.5%
Tight Rope (#11)Leon Russell
24.5%
From the Beginning (#39)Emerson, Lake, & Palmer
24.3%
(If Loving You Is Wrong) I Don't Want to Be Right (#3), I'll Be Your Shelter (In Time of Storm) (#40)Luther Ingram
24.1%
Song(s) (Peak(s)) Artist(s) % Correct
Someday Never Comes (#25)Creedence Clearwater Revival
23.8%
I Didn't Know I Loved You ('Till I Saw You Rock and Roll) (#35), Rock and Roll (#7)Gary Glitter
23.2%
All the King's Horses (#26), Day Dreaming (#5)Aretha Franklin
23%
Speak to the Sky (#14)Rick Springfield
22.5%
Every Day of My Life (#24), Sealed with a Kiss (#19)Bobby Vinton
21.9%
Long Haired Lover from Liverpool (#38)Little Jimmy Osmond
21.4%
Automatically Sunshine (#37), Floy Joy (#16)The Supremes
21.2%
Trouble Man (#7)Marvin Gaye
20.3%
Corner of the Sky (#18), Little Bitty Pretty One (#13), Lookin' Through the Windows (#16)The Jackson 5
19%
Good Time Charlie's Got the Blues (#9)Danny O'Keefe
18.6%
Why Can't We Live Together (#3)Timmy Thomas
18.1%
Troglodyte (Cave Man) (#6)The Jimmy Castor Bunch
17.7%
Rock and Roll Lullaby (#15)B.J. Thomas
17%
Foot Stompin' Music (#29), Rock 'N' Roll Soul (#29)Grand Funk Railroad
16.6%
Love Theme from 'The Godfather' (Speak Softly Love) (#34)Andy Williams
16.5%
No One to Depend On (#36)Santana
15.7%
Motorcycle Mama (#12)Sailcat
14.8%
Keeper of the Castle (#10)The Four Tops
13.9%
Jungle Fever (#8)The Chakachas
13.3%
In the Rain (#5)The Dramatics
13.3%
Thunder and Lightning (#17)Chi Coltrane
12.6%
Do You Want to Dance (#17)Bette Midler
12.4%
Convention (#8)the delegates of the Democratic and Republican Conventions
11.9%
Pop That Thang (#24)The Isley Brothers
11.7%
Taurus (#18)Dennis Coffey & the Detroit Guitar Band
11.5%
Do Your Thing (#30), Theme from 'The Men' (#38)Isaac Hayes
11.2%
Living in a House Divided (#22), The Way of Love (#7)Cher
10.6%
Don't Do It (#34)The Band
10.4%
Ring the Living Bell (#31), The Nickel Song (#35)Melanie
10.4%
Could It Be Forever (#37), How Can I Be Sure (#25), Rock Me Baby (#38)David Cassidy
9.7%
Harry Hippie (#31)Bobby Womack
8.8%
Starting All Over Again (#19)Mel & Tim
8.2%
Runnin' Away (#23)Sly & the Family Stone
8.2%
Help Me Make It Through the Night (#33)Gladys Knight & the Pips
7.9%
Crazy Mama (#22)J.J. Cale
7.7%
Walkin' in the Rain with the One I Love (#14)Love Unlimited
7.7%
Breaking Up Is Hard to Do (#28), Looking Through the Eyes of Love (#39)The Partridge Family
7.7%
Something's Wrong with Me (#12)Austin Roberts
7.7%
Power of Love (#11)Joe Simon
7.7%
Sweet Inspiration/Where You Lead (#37)Barbra Streisand
7.3%
You're Still a Young Man (#29)Tower of Power
7.3%
You Could Have Been a Lady (#32)April Wine
6.9%
Baby Let Me Take You (In My Arms) (#24), You Want It, You Got It (#36)The Detroit Emeralds
5.9%
Glory Bound (#34), The Runway (#39)The Grass Roots
5.9%
Geronimo's Cadillac (#37)Michael Martin Murphey
5.9%
Mister Can't You See (#38)Buffy Sainte-Marie
4.9%
Ask Me What You Want (#27)Millie Jackson
4.8%
We're Free (#40)Beverly Bremers
4.2%
I Can't Help Myself (#22)Donnie Elbert
3.7%
The Day I Found Myself (#23)The Honey Cone
2.4%
What Am I Crying For (#39)Classics IV
2%

You're not logged in!

Compare scores with friends on all Sporcle quizzes.
Sign Up with Email
OR
Log In

You Might Also Like...

Show Comments

Extras

Top Quizzes Today


Score Distribution

Your Account Isn't Verified!

In order to create a playlist on Sporcle, you need to verify the email address you used during registration. Go to your Sporcle Settings to finish the process.

Report this User

Report this user for behavior that violates our Community Guidelines.

Details: